000 00619cas a2200217 a 4500
022 _a1880-0955
040 _cDLC
082 0 _a338 POL 2005 C163 Or.
245 1 0 _aPublic policy review.
260 _aTokyo :
_bPolicy Research Institute, Ministry of Finance, Japan,
_c2005
300 _avolumes ;
_c26 cm
650 0 _aFinance, Public
650 0 _aMonetary policy
650 6 _aFinances publiques
650 6 _aPolitique monétaire
650 7 _aEconomic policy.
650 7 _aFinance, Public.
650 7 _aMonetary policy.
710 2 _aZaimushō Zaimu Sōgō Seisaku Kenkyūjo (Japan),
942 _cAEDBB
999 _c19180
_d19180